| 000 | 00842nam a2200205Ii 4500 | ||
|---|---|---|---|
| 003 | JO-AjNU | ||
| 008 | 230605s9999||||xx |||||||||||||| ||und|| | ||
| 040 |
_aJO-AjNU _bara _erda _cJO-AjNU |
||
| 041 | _aara | ||
| 050 | 1 | 4 | _aDs97.5.M8 |
| 100 | 3 |
_aتحقيق وتقديم سبانو، احمد عساف, _eauthor _936187 |
|
| 245 | 0 | 0 | _aمذكرات تاريخية عن حملة إبراهيم باشا على سوريا |
| 264 | 3 | 1 | _aد.م: د.ن، د.ت |
| 300 | _a159ص | ||
| 336 |
_atext _btxt _2rdacontent |
||
| 337 |
_aunmediated _bn _2rdamedia |
||
| 338 |
_avolume _bnc _2rdacarrier |
||
| 490 | 0 | _aسلسلة ودراسات وثائق تاريخ دمشق والشام دمشق في منتصف القرن التاسع عشر | |
| 650 | 4 |
_aحملة ابراهيم على سوريا ، سوريا- تاريخ- التاسع عشر _936188 |
|
| 999 |
_aA15012 _c18580 _d18580 |
||